000 00789cam a2200289 a 4500
001 200466466
003 TR-AnTOB
005 20251210145002.0
008 220601s########tu#####||####|||||||tur|d
009 00TUR0Y00SHV 202206011984ma
040 _btur
_erda
_cTR
041 0 _atur
090 _aHV6441
_b.M853 1984
100 1 _aMumcu, Uğur,
_d1942-1993,
_eyazar
_989828
245 1 0 _aPapa-mafya-Ağca /
_cUğur Mumcu.
250 _a1. basım.
260 _aİstanbul :
_bTekin Yayınevi,
_c1984.
300 _a384 sayfa.
336 _atext
_2rdacontent
337 _aunmediated
_2rdamedia
338 _avolume
_2rdacarrier
500 _aDizin.
600 0 4 _aJohn Paul,
_cII,
_cPapa,
_d1920-
_xSuikastler
650 4 _aMafya
942 _2lcc
_cBK
999 _c200466466
_d84678